000 00436nam a2200181Ia 4500
001 12812
005 20260306163008.0
008 260306t1987||||xx |||||||||||||| ||spa||
041 _aESP
082 _aRD 340.03
_bP45
100 _aPérez Caballero, Aurelio
_eAUT
245 0 _aDiccionario jurídico peruano
260 _c1987
300 _a274 páginas :
_c20 cm.
650 _aGEN
654 _aCDE
942 _cDIC
_dJUS
_fJUS
_2ddc
_n
999 _c12812
_d12812